ARRUPE JESUIT UNIVERSITY

CORONAVIRUS -STOP THE SPREAD - CLEAN,DISINFECT,COVER
Normal view MARC view

Entry Geographic Name

Number of records used in: 4

001 - CONTROL NUMBER

  • control field: 25956

003 - CONTROL NUMBER IDENTIFIER

  • control field: ARRUPE

005 - DATE AND TIME OF LATEST TRANSACTION

  • control field: 20160920113455.0

008 - FIXED-LENGTH DATA ELEMENTS

  • fixed length control field: 160920|| aca||aabn | a|a d

040 ## - CATALOGING SOURCE

  • Original cataloging agency: ARRUPE
  • Transcribing agency: ARRUPE

151 ## - HEADING--GEOGRAPHIC NAME

  • Geographic name: Zimbabwe
  • General subdivision: History
  • Chronological subdivision: Chimurenga War, 1966-1980.

670 ## - SOURCE DATA FOUND

  • Source citation: Work cat.: (ARRUPE)0: Dennison, AndrĂ©. 25953, The war diaries of AndrĂ© Dennison /, 1989.

 

Arrupe Library. PO Box MP320 Mt Pleasant, Harare, Zimbabwe
263 242 745411|librarian@aju.ac.zw